000 00725nam a2200181 a 4500
001 000035618
005 20200930074458.0
008 111105s2008 bl 000 0 spa d
020 _a9788533304918
040 _aDO-SdBNP
_bspa
_cBNPHU
082 _axxx
_bxxxx
100 1 _aGomes Carneiro, Diogo
_d1618-1676
_961522
245 1 0 _aOracão apodíctica aos cismáticos da pátria :
_boracão apodixica aos scismaticos da patria. Offerecida a Francisco de Lucena do Conselho de Sua Magestade.. /
_cDiogo Gomes Carneiro.
260 _aRio de Janeiro, :
_bMinistério da Cultura
_bFundacão Biblioteca Nacional,
_c2008.
300 _a]82] p ;
_c22 cm.
500 _aFac-símile da edicão de 1641.
590 _aInventariado, 2018/ YL
999 _c35109
_d35109